MANAGING EMPLOYEE RETENTION A STRATEGIC (Record no. 7385)

MARC details
000 -LEADER
fixed length control field 00352nam a2200133Ia 4500
008 - FIXED-LENGTH DATA ELEMENTS--GENERAL INFORMATION
fixed length control field 240624s9999 xx 000 0 und d
041 ## - LANGUAGE CODE
Language code of text/sound track or separate title eng
082 ## - DEWEY DECIMAL CLASSIFICATION NUMBER
Classification number 658.314 PHI
100 ## - MAIN ENTRY--PERSONAL NAME
Personal name PHILLIPS JACK J
245 ## - TITLE STATEMENT
Title MANAGING EMPLOYEE RETENTION A STRATEGIC
260 ## - PUBLICATION, DISTRIBUTION, ETC.
Date of publication, distribution, etc. 2003
Place of publication, distribution, etc. New York
Name of publisher, distributor, etc. Elsevier
300 ## - PHYSICAL DESCRIPTION
Extent xviii, : 355 : p. : cm. ; 25
365 ## - TRADE PRICE
Currency code BPS
Price amount 28
Holdings
Withdrawn status Lost status Damaged status Not for loan Home library Current library Shelving location Date acquired Source of acquisition Cost, normal purchase price Full call number Barcode Date last seen Copy number Price effective from Koha item type
        IMTN IMTN Rack 27-A 11/20/2007 BWE 25.00 658.314 PHI 7385 06/24/2024 81.1 06/24/2024 Books
Designed & Maintained by: LRC IMT Nagpur Contact: lrc@imtnag.ac.in© 2024. All Rights Reserved.